<?xml version="1.0" encoding="UTF-8"?>
<record
    xmlns:xsi="http://www.w3.org/2001/XMLSchema-instance"
    xsi:schemaLocation="http://www.loc.gov/MARC21/slim http://www.loc.gov/standards/marcxml/schema/MARC21slim.xsd"
    xmlns="http://www.loc.gov/MARC21/slim">

  <leader>03631nam a2200565Ia 4500</leader>
  <controlfield tag="001">6130</controlfield>
  <controlfield tag="008">241029s9999    xx            000 0 und d</controlfield>
  <datafield tag="010" ind1=" " ind2=" ">
    <subfield code="a">5770</subfield>
  </datafield>
  <datafield tag="041" ind1=" " ind2=" ">
    <subfield code="a">Espa&#xF1;ol</subfield>
  </datafield>
  <datafield tag="082" ind1=" " ind2=" ">
    <subfield code="a">MA-GCE 0019 FCE 2017</subfield>
  </datafield>
  <datafield tag="245" ind1=" " ind2="0">
    <subfield code="a">Uso de la Tecnolog&#xED;a de la Informaci&#xF3;n y la Comunicaci&#xF3;n en los procesos de gesti&#xF3;n administrativa, caso de estudio: Centro Educativo Juan Pablo Duarte de San Pedro de Macor&#xED;s, a&#xF1;o escolar 2016-2017.</subfield>
  </datafield>
  <datafield tag="260" ind1=" " ind2=" ">
    <subfield code="a">San Pedro de Macor&#xED;s</subfield>
  </datafield>
  <datafield tag="300" ind1=" " ind2=" ">
    <subfield code="a">95</subfield>
  </datafield>
  <datafield tag="520" ind1=" " ind2=" ">
    <subfield code="a">68</subfield>
  </datafield>
  <datafield tag="630" ind1=" " ind2=" ">
    <subfield code="a">Calidad Educativa</subfield>
  </datafield>
  <datafield tag="630" ind1=" " ind2=" ">
    <subfield code="a">Competencias</subfield>
  </datafield>
  <datafield tag="630" ind1=" " ind2=" ">
    <subfield code="a">Gesti&#xF3;n</subfield>
  </datafield>
  <datafield tag="630" ind1=" " ind2=" ">
    <subfield code="a">Tecnolog&#xED;a de la Informaci&#xF3;n y Comunicaci&#xF3;n (TICs)</subfield>
  </datafield>
  <datafield tag="630" ind1=" " ind2=" ">
    <subfield code="a">Tecnolog&#xED;a Educativa</subfield>
  </datafield>
  <datafield tag="650" ind1=" " ind2=" ">
    <subfield code="a">Tecnolog&#xED;a de la Informaci&#xF3;n y de la Comunicaci&#xF3;n (TICs)</subfield>
  </datafield>
  <datafield tag="690" ind1=" " ind2=" ">
    <subfield code="a">Elaborado</subfield>
  </datafield>
  <datafield tag="700" ind1=" " ind2=" ">
    <subfield code="e">asesor</subfield>
    <subfield code="a">Alc&#xE1;ntara , Rafael</subfield>
  </datafield>
  <datafield tag="700" ind1=" " ind2=" ">
    <subfield code="e">autor</subfield>
    <subfield code="a">Hinojosa Reyes, Santa</subfield>
  </datafield>
  <datafield tag="901" ind1=" " ind2=" ">
    <subfield code="a">{"1":"Hinojosa Reyes"}</subfield>
    <subfield code="b">{"1":"Santa"}</subfield>
  </datafield>
  <datafield tag="902" ind1=" " ind2=" ">
    <subfield code="a">1</subfield>
  </datafield>
  <datafield tag="903" ind1=" " ind2=" ">
    <subfield code="a">{"1":"Alc&#xE1;ntara "}</subfield>
    <subfield code="b">{"1":"Rafael"}</subfield>
  </datafield>
  <datafield tag="904" ind1=" " ind2=" ">
    <subfield code="a">Maestr&#xED;a Profesionalizante en</subfield>
  </datafield>
  <datafield tag="905" ind1=" " ind2=" ">
    <subfield code="a">Gesti&#xF3;n de Centros Educativos</subfield>
  </datafield>
  <datafield tag="906" ind1=" " ind2=" ">
    <subfield code="a">2</subfield>
  </datafield>
  <datafield tag="907" ind1=" " ind2=" ">
    <subfield code="a">NO APLICA</subfield>
  </datafield>
  <datafield tag="908" ind1=" " ind2=" ">
    <subfield code="a">NO APLICA</subfield>
  </datafield>
  <datafield tag="909" ind1=" " ind2=" ">
    <subfield code="a">Universidad Aut&#xF3;noma de Santo Domingo (UASD)</subfield>
  </datafield>
  <datafield tag="910" ind1=" " ind2=" ">
    <subfield code="a">NULL</subfield>
    <subfield code="b">NULL</subfield>
  </datafield>
  <datafield tag="911" ind1=" " ind2=" ">
    <subfield code="a">["1"]</subfield>
  </datafield>
  <datafield tag="912" ind1=" " ind2=" ">
    <subfield code="a">NO APLICA</subfield>
  </datafield>
  <datafield tag="913" ind1=" " ind2=" ">
    <subfield code="a">NULL</subfield>
  </datafield>
  <datafield tag="914" ind1=" " ind2=" ">
    <subfield code="a">03 de Julio de 2017</subfield>
  </datafield>
  <datafield tag="915" ind1=" " ind2=" ">
    <subfield code="a">20/10/19 11:10</subfield>
  </datafield>
  <datafield tag="916" ind1=" " ind2=" ">
    <subfield code="a">NULL</subfield>
  </datafield>
  <datafield tag="917" ind1=" " ind2=" ">
    <subfield code="a">NULL</subfield>
  </datafield>
  <datafield tag="918" ind1=" " ind2=" ">
    <subfield code="a">NO APLICA</subfield>
  </datafield>
  <datafield tag="919" ind1=" " ind2=" ">
    <subfield code="a">["29","40","111","296","191"]</subfield>
  </datafield>
  <datafield tag="520" ind1=" " ind2=" ">
    <subfield code="a">El estudio se plante&#xF3; como objetivo principal, analizar el uso de la tecnolog&#xED;a de la informaci&#xF3;n y comunicaci&#xF3;n en los procesos de gesti&#xF3;n administrativa, de el&#xA0; Centro Educativo Juan Pablo Duarte, San Pedro de Macor&#xED;s, a&#xF1;o escolar 2016-2017. Para la realizaci&#xF3;n de esta investigaci&#xF3;n, se utilizaron los estudios: descriptivo y de campo. Para el alcance de los objetivos, se emple&#xF3; una metodolog&#xED;a basada en&#xA0; los m&#xE9;todos: emp&#xED;rico, de observaci&#xF3;n directa, encuesta, entrevistas, te&#xF3;rico, an&#xE1;lisis documental, s&#xED;ntesis, estad&#xED;stico y gr&#xE1;fico. Se trabaj&#xF3; con una muestra de 60 estudiantes, 27 docentes y 10 miembros del personal administrativo, todos pertenecientes al centro educativo. Entre los principales resultados del estudio, se destacaron los siguientes: con relaci&#xF3;n al personal administrativo el 80% de los encuestados cuenta con un computador en su casa; mientras que el 20% no lo posee. Con relaci&#xF3;n al personal docente el 67% cuentan con un computador en su casa; mientras que el 33% no lo posee. El 58% de los estudiantes encuestados cuenta con un computador en su casa; mientras que el 42% de ellos no lo poseen y el 90% del personal administrativo tiene conocimientos sobre el uso del computador, mientras que el 10% no lo posee.Entre las principales conclusiones, se destacan las siguientes: el 90% del personal administrativo tiene conocimientos del uso del computador, lo que facilita un gran logro y desenvolvimiento al &#xE1;rea administrativa, y el 50% del personal administrativo se ha capacitado en el uso de las TIC, pero no desarrolla las competencias para usarlo en los procesos de la gesti&#xF3;n administrativa; de igual modo el 50% no la posee. La principal recomendaci&#xF3;n del estudio indica que se debe involucrar a los maestros en el conocimiento y uso de las tecnolog&#xED;as de la informaci&#xF3;n en los procesos de ense&#xF1;anza y aprendizaje, para que los alumnos adquieran las competencias necesarias en su formaci&#xF3;n profesional.&#xA0;</subfield>
  </datafield>
  <datafield tag="921" ind1=" " ind2=" ">
    <subfield code="a">63</subfield>
  </datafield>
  <datafield tag="922" ind1=" " ind2=" ">
    <subfield code="a">63</subfield>
  </datafield>
  <datafield tag="923" ind1=" " ind2=" ">
    <subfield code="a">1</subfield>
  </datafield>
  <datafield tag="924" ind1=" " ind2=" ">
    <subfield code="a">NO APLICA</subfield>
  </datafield>
  <datafield tag="942" ind1=" " ind2=" ">
    <subfield code="c">Tesis</subfield>
  </datafield>
  <datafield tag="999" ind1=" " ind2=" ">
    <subfield code="c">5770</subfield>
    <subfield code="d">5770</subfield>
  </datafield>
</record>
